| 000 | 00532nam a2200169 i 4500 | ||
|---|---|---|---|
| 001 | 52914 | ||
| 003 | ES-MaACL | ||
| 005 | 20230906162651.0 | ||
| 007 | t| | ||
| 008 | 030910s1932 sp ||||1| spa d | ||
| 100 | 1 |
_aDelaporte, René. _943320 |
|
| 245 | 1 | 0 |
_aOrganización y contabilidad bancarial / _cpor René Delaporte ; traducción de Fernando Boter y Mauri. |
| 260 |
_aBarcelona : _bJuventud, _c1932 ( _fImp. Clarasó) |
||
| 300 |
_a418 p. ; _c22 cm. |
||
| 700 | 1 |
_aBoter y Mauri, Fernando. _930765 |
|
| 852 |
_aES-MaACL _jA-1214 |
||
| 999 |
_c52914 _d52914 |
||